000 02274cam a22004574i 4500
003 PE-LiUPU
005 20250731173013.0
008 150616s r 000 0 d
035 _a(Sirsi) a2297
040 _aPE-LiUPU
_bspa
_cPE-LiUPU
_erda
049 _aPRUA
082 0 4 _a282
_bW46
_221
100 1 _aWells, H. G.,
_d1866-1946,
_eautor.
245 1 0 _aCrux Ansata: Breve historia de la Iglesia Católica Romana /
_cH. G. Wells.
264 1 _aMéxico :
_bCasa Unida de Publcicaciones,
_c1945.
300 _a163 páginas ;
_c20 cm.
336 _atext
_2rdacontent
337 _aunmediated
_2rdamedia
338 _avolume
_2rdacarrier
490 0 _aColección "Baluarte" ;
_v1
505 0 _aDesarrollo de la idea de cristiandad -- La debilidad esencial de la cristiandad -- Las herejías: experimentos del hombre en su búsqueda insatisfecha de la verdad -- La ciudad de Dios -- La iglesia pone a salvo el saber -- Carlomagno -- Interludio negro -- La iglesia emprende las cruzadas -- La cristiandad marcha hacia oriente -- Un caballero católico de 1440 -- Desigualdad social en los siglos XIV y XV -- El despuntar del descontento social -- Atmósfera mental anterior a la reforma -- De cómo Enrique VIII se convirtió en príncipe protestante -- La contrarreforma -- Los Jesuitas -- La continua contracción de la iglesia católica -- La lucha por la Gran Bretaña -- Catolicismo shintoísta -- El catolicismo romano en los Estados Unidos de América -- El frente cristiano unido.
526 _aSEG42
526 _aSEG41
526 _aSEG40
526 _aSEG39
526 _aP94
526 _aP87
526 _aP86
526 _aP85
526 _aP77
526 _aP76
526 _aP35
610 2 _aIglesia Católica
_xObras doctrinales y de controversia.
910 _ajck
_bjvq
_cjck
942 _2ddc
_cBOOK
949 _a282 W46
_wDEWEY
_c1
_i07183
_lCCODEBUL1
_mBUL
_p00.00
_r0
_sY
_tBOOK
_u2015-04-23
_xTEOLOGIA
_zUNKNOWN
_0COMPRA
_o.STAFF. Colección General
994 _aC0
_bPEPRU
596 _a1
999 _a282 W46
_wDEWEY
_c23594
_i07183
_f2021-11-12
_g5
_lCCODEBUL1
_mBUL
_r0
_sY
_tBOOK
_u2015-4-23
_xTEOLOGIA
_zUNKNOWN
_0COMPRA
_o.STAFF. Colección General
_d23594
980 _81
_gALBERTO SANCHEZ Responsable de Automatización